00607nam a2200169 i 450000100060000000300090000600500170001500700030003200800410003510000300007624500910010626000800019730000290027750000720030671000380037885200210041679782ES-MaACL20230906174042.0t|041025s1907 ag ||||1| spa d1 aHerrero Ducloux, Enrique.10aAguas minerales alcalinas de la República Argentina / cpor Enrique Herrero Ducloux. aBuenos Aires : bUniversidad Nacional de La Plata, c1907 (fConi Hermanos) a23 h. : bil. ; c28 cm. aEs separata de: "Revista del Museo de la Plata", tom. XIV, p. 9-52.2 aUniversidad Nacional de La Plata. aES-MaACLjG-7762